Japanese main export commodities.

Sparad:
Bibliografiska uppgifter
Huvudupphovsman: Kamioka, Kazuyoshi
Materialtyp: Bok
Språk:Undetermined
Publicerad: Tokyo Tokyo News Service 1961
Ämnen:
Taggar: Lägg till en tagg
Inga taggar, Lägg till första taggen!
Thư viện lưu trữ: Trung tâm Học liệu Trường Đại học Cần Thơ
LEADER 00505nam a2200193Ia 4500
001 CTU_97433
008 210402s9999 xx 000 0 und d
082 |a 382.952 
082 |b K15 
100 |a Kamioka, Kazuyoshi 
245 0 |a Japanese main export commodities. 
245 0 |c Kazuyoshi Kamioka 
260 |a Tokyo 
260 |b Tokyo News Service 
260 |c 1961 
650 |a Commercial products 
650 |z Japan 
904 |i Năm 
980 |a Trung tâm Học liệu Trường Đại học Cần Thơ